000 00785nam a2200241 i 4500
001 bg
100 1 _aNOWICKI, Marek Antoni
_d(1953- ).
245 1 0 _aSłownik Europejskiej Konwencji Praw Człowieka :
_bangielsko-francusko-polski, z objaśnieniami, z indeksem haseł francuskich i polskich /
_cMarek Antoni Nowicki.
260 _aKraków :
_b"Zakamycze",
_c2001.
300 _a317, [1] s. ;
_c26 cm.
650 9 _aEuropejska Konwencja Praw Człowieka
650 9 _aPrawa człowieka
650 9 _aSłownik wielojęzyczny
655 _aSłowniki
015 _aPB 19186/2001
020 _a8388551264
040 _cBPK
041 1 _apolengfre
080 _a341.231.14:341.6(4)](038)=00
920 _a83-88551-26-4
942 _cKS
008 s pl f |000 0 pol
999 _c51325
_d51325
856 _uhttp://koha.tu.koszalin.pl/cgi-bin/koha/opac-detail.pl?biblionumber=51325
_yKatalog online BPK